MARC

LEADER 00000nam0a2200000 4500
001 354714
005 20231102010723.0
035 |a (RuTPU)RU\TPU\retro\11973 
090 |a 354714 
100 |a 20200625d1972 km y0rusy50 ca 
101 0 |a rus 
102 |a MD 
105 |a a z 001zy 
200 1 |a Светолучевая осциллография  |f Кишиневский научно-исследовательский институт электроприборостроения ; гл. ред. Б. К. Бирюков 
210 |a Кишинев  |c Картя молдовеняскэ  |d 1972 
215 |a 223 с.  |c ил. 
320 |a Библиогр. в конце ст. 
606 1 |a Осциллографы светолучевые  |2 stltpush  |3 (RuTPU)RU\TPU\subj\47616  |9 66538 
610 1 |a осциллографирование 
610 1 |a осциллография 
610 1 |a гальванометры 
610 1 |a осциллограммы 
610 1 |a преобразователи 
610 1 |a частотные характеристики 
610 1 |a имунные процессы 
610 1 |a регистрация 
610 1 |a динамические погрешности 
675 |a 621.317.753  |v 4 
702 1 |a Бирюков  |b Б. К.  |4 651 
712 0 2 |a Кишиневский научно-исследовательский институт электроприборостроения  |c (1959-1996)  |2 stltpush  |3 (RuTPU)RU\TPU\col\19873  |9 27619 
801 1 |a RU  |b 63413507  |c 20200625 
801 2 |a RU  |b 63413507  |c 20230217  |g RCR 
942 |c BK